000 02779nam0a2200421 i 4500
001 RU\NLR\BIBL_A\011372506
005 20241104210132.0
010 _a9785935727130
_9500
035 _a(NLR Aleph) 011372506
090 _a11359495
_c11359495
100 _a20170421d2017 k y0rusy50 ca
101 0 _arus
_aeng
102 _aRU
105 _aach z 001zd
200 1 _aТворческий почерк: к юбилею издания «Книга Бытия» Андрея Ланского
_dThe master's hand : marking the anniversary of Andre Lanskoy's Book of Genesis [la Genese]
_eкаталог выставки
_f[авторы вступителтьных статей: М. И. Башмаков, М. В. Балан]
_zeng
210 _aСанкт-Петербург
_cИздательство Государственного Эрмитажа
_d2017
215 _a67 с.
_cил., цв. ил., портр., факс.
_d29
225 1 _aХудожник и книга
_dThe artist and the book
_vвып. 4
300 _aВ надзаг.: Гос. Эрмитаж
300 _aПодписи к ил. парал. на рус. и англ. яз.
320 _aБиблиогр. в подстроч. примеч.
510 1 _aThe master's hand: marking the anniversary of Andre Lanskoy's Book of Genesis [La Genese]
_zeng
600 1 _aЛанской
_bА.М.
_f1902 - 1976
_gАндрей Михайлович
_jКаталоги
_xВыставки
_yСанкт-Петербург, город
_z2016 - 2017
_92327076
_3RU\NLR\AUTH\6601616255
601 0 2 _aГосударственный Эрмитаж
_cСанкт-Петербург, город
_jКаталоги
_xВыставки
_z2016 - 2017
_92308007
_3RU\NLR\AUTH\6601607378
606 1 _aКнижная иллюстрация
_jКаталоги
_xВыставки
_yСанкт-Петербург, город
_z20 в.
_z2016 - 2017
_92327080
_3RU\NLR\AUTH\6601616257
606 1 _aРукописные книги
_jКаталоги
_xВыставки
_yСанкт-Петербург, город
_z20 в.
_92327095
_3RU\NLR\AUTH\6601616265
686 1 _aЩ101.3(2Р)-2Санкт-Петербург2Эрмитаж л62
686 1 _aЩ153(0)6-475л62
686 1 _aЩ153(4Фр)6-8Ланской л62
686 1 _aЧ611.53(2-2СПб)л62
702 1 _aЛанской
_bА.
_gАндрей
_4570
711 1 2 _a"Творческий почерк: к юбилею издания "Книга Бытия" Андрея Ланского", выставка
_eСанкт-Петербург
_f2016-2017
_9555108
_3RU\NLR\AUTH\880445740
942 _cBOOK
980 _aNBR